Subsurface correlations of the Cretaceous Greenhorn-Lakota interval in North Dakota. (Record no. 29000)

MARC details
000 -LEADER
fixed length control field 00907cam a22002771 4500
001 - CONTROL NUMBER
control field gs 55000319
003 - CONTROL NUMBER IDENTIFIER
control field DLC
005 - DATE AND TIME OF LATEST TRANSACTION
control field 20260227111403.0
008 - FIXED-LENGTH DATA ELEMENTS--GENERAL INFORMATION
fixed length control field 790424s1955 ndub b s000 0 eng c
010 ## - LIBRARY OF CONGRESS CONTROL NUMBER
LC control number gs 55000319
035 ## - SYSTEM CONTROL NUMBER
System control number (OCoLC)4888912
040 ## - CATALOGING SOURCE
Original cataloging agency U.S. Geol. Survey. Libr.
Transcribing agency MnMohC
Modifying agency DLC
042 ## - AUTHENTICATION CODE
Authentication code premarc
043 ## - GEOGRAPHIC AREA CODE
Geographic area code n-us-nd
050 00 - LIBRARY OF CONGRESS CALL NUMBER
Classification number QE685
Item number .H22
082 ## - DEWEY DECIMAL CLASSIFICATION NUMBER
Classification number 551.77
-- 551.76*
100 1# - MAIN ENTRY--PERSONAL NAME
Personal name Hansen, Dan E.
245 10 - TITLE STATEMENT
Title Subsurface correlations of the Cretaceous Greenhorn-Lakota interval in North Dakota.
260 ## - PUBLICATION, DISTRIBUTION, ETC.
Place of publication, distribution, etc. Grand Forks,
Date of publication, distribution, etc. 1955.
300 ## - PHYSICAL DESCRIPTION
Extent 46 p.
Other physical details maps, diagrs. (2 fold. in pocket) tables.
Dimensions 23 cm.
410 20 - SERIES STATEMENT/ADDED ENTRY--CORPORATE NAME [OBSOLETE, CAN/MARC], [LOCAL, USA]
Corporate name or jurisdiction name as entry element North Dakota Geological Survey.
Title of a work Bulletin
Volume number/sequential designation 29
504 ## - BIBLIOGRAPHY, ETC. NOTE
Bibliography, etc. note Bibliographical footnotes.
650 #0 - SUBJECT ADDED ENTRY--TOPICAL TERM
Topical term or geographic name entry element Geology, Stratigraphic
Chronological subdivision Cretaceous.
650 #0 - SUBJECT ADDED ENTRY--TOPICAL TERM
Topical term or geographic name entry element Geology
Geographic subdivision North Dakota.
740 0# - ADDED ENTRY--UNCONTROLLED RELATED/ANALYTICAL TITLE
Uncontrolled related/analytical title Cretaceous Greenhorn-Lakota interval in North Dakota.

No items available.

Powered by Koha